00502cam a22001692 4500001001100000005001700011008004100028020001500069040001500084245006900099250001300168260002900181300002500210650006100235700003300296852000300329000002115920151217145932.0120131s xx 000 0 eng d a8177584499 aKABUcKABU10aMultinational business finance /cDavid K. Eiteman ... [et al.]. a10th ed. aIndia :bPearson,c2007. a1v. (various paging) 0aInternational business enterprisesxFinance.@00001525291 aEitman, David K.@00001818881